000 01938nam a2200385 c 4500
003 BLK
005 20201007041013.0
008 180412b bul|||||r ||||||| ||bul||
010 _aKNG00008580000
020 _a954-584-088-9
_bиздат.: Абагар Холдинг - (многотомно)
020 _a954-584-144-3
_bиздат.: Абагар Холдинг - на том(т. 4)
040 _aBLK
041 _aBUL
_cBUL
080 _aОбща световна история. История на света
_b930.9
_x
_z930.9
080 _aИстория на цивилизацията. История на културата
_b930.85
_x
_z930.85
700 1 _aГеоргиева, Сашка Тодорова
_eпрев. на том
_9252412
139 _aИстория на света
_bИ 95
245 1 0 _aИстория на света
_bВ 20 т. За том: 400 г. пр. Хр.-200 г. сл. Хр.
_cпрев. на том Сашка Тодорова Георгиева.
_nТ. 4
_pВъзходът на империите
257 _aGBR
260 София ; Амстердам
_bТайм Лайф
_c1994 -
300 _c28 см
380 _a9
500 _aОриг. загл. History of the World.
504 _a168-169
650 4 _aистория
_9157727
650 4 _aИсторически паметници
_9252410
650 4 _aЦивилизации
_9177255
653 _aистория
760 1 _3- (многотомно)
_dАбагар Холдинг, 1995
_h175 с. : с цв. ил.
_nОриг. загл. Emptres Ascendant. - Съдържа и Хронология на най-важните събития. - Библиогр. с. 168-169 ; Азб. показалец ; Показалец на ил.
_tТ. 4 Възходът на империите
852 _aЦб ІІ 8245
856 4 _qpdf
_u
856 4 _qpdf
_u
942 _cKNG
_n0
944 _aCR
_c15.01.2003
_kГеновева_Генчева
944 _aED
_c16.06.2010
_k
999 _c7291
_d7291